[Event "Floripa Chess Open 2024"]
[Site "Florianopolis"]
[Date "2024.01.22"]
[Round "3.43"]
[White "Do Carmo, Gabriel Carckeno"]
[Black "Menna Barreto, Felipe Kubiaki"]
[Result "0-1"]
[WhiteElo "1869"]
[BlackElo "2278"]
[PlyCount "48"]
[EventDate "2024.01.20"]
[EventRounds "10"]
[EventCountry "BRA"]

1. c4 c6 2. Nf3 d5 3. e3 Nf6 4. b3 Bg4 5. Bb2 e6 6. Be2 Nbd7 7. O-O Bd6 8. d4
O-O 9. Ne5 ({RR} 9. h3 Bh5 10. Nc3 a6 11. Qc2 Re8 12. Rac1 Rc8 13. Rfd1 b5 14.
e4 Bf4 15. e5 Bg6 16. Bd3 Bxd3 17. Qxd3 dxc4 18. bxc4 bxc4 19. Qxc4 Bxc1 20.
Bxc1 Nd5 21. Ne4 Rb8 22. Nd6 Rf8 23. Ng5 h6 {Iturrizaga,E (2607)-Salgado Lopez,
I (2584) chess24.com INT 2020 1/2-1/2 (38)}) 9... Bxe2 10. Qxe2 Qc7 ({RR} 10...
a5 11. a3 Qc7 12. f4 Ne4 13. Nd2 Nxd2 14. Qxd2 f6 15. Nd3 a4 16. c5 Be7 17. b4
b5 18. cxb6 Nxb6 19. Bc3 Bd6 20. Qe2 Rfe8 21. Rfc1 Re7 22. Qf3 Rae8 23. Re1 Nc4
24. Nb2 Nxb2 25. Bxb2 {Cieslak,P (2270)-Vestby-Ellingsen,M (2350) chess.com
INT 2023 0-1 (38)}) 11. Nxd7 Bxh2+ $146 ({RR} 11... Nxd7 12. h3 f5 13. Ba3 Bxa3
14. Nxa3 a5 15. Rac1 Nf6 16. Nc2 Ne4 17. Ne1 Qe7 18. Nd3 Rfc8 19. Rfe1 b5 20.
f3 Nd6 21. c5 Nf7 22. e4 Qf6 23. Qe3 g6 24. exd5 exd5 25. Re2 Kg7 26. Rce1 {
Maric,A (2100)-Belic,J (2050) Kula 1985 1/2-1/2 (35)}) ({RR} 11... Qxd7 12. Nd2
Qe7 13. a3 e5 14. cxd5 cxd5 15. dxe5 Bxe5 16. Bxe5 Qxe5 17. Nf3 Qe7 18. Rfc1
Rac8 19. b4 Qd7 20. Nd4 Rxc1+ 21. Rxc1 Rc8 22. Rc2 g6 23. f3 Rc7 24. Qd3 Qc8
25. Rxc7 Qxc7 26. Ne2 {Maze,S (2575)-Balcerak,J (2447) Germany 2011 1/2-1/2  
(38)}) 12. Kh1 Nxd7 13. g3 Bxg3 14. fxg3 Qxg3 15. Rf3 Qh4+ 16. Kg2 f5 17. Nd2
Rf6 18. Rg1 Raf8 19. Ba3 Rg6+ 20. Kf1 Rff6 21. Bd6 e5 22. Bxe5 Nxe5 23. dxe5
Rxg1+ 24. Kxg1 Rg6+ 0-1

[Event "Floripa Chess Open 2024"]
[Site "Florianopolis"]
[Date "2024.01.22"]
[Round "3.44"]
[White "Dias, Marcelo De Souza"]
[Black "Diaz Villagran, Robert"]
[Result "0-1"]
[WhiteElo "1854"]
[BlackElo "2268"]
[PlyCount "52"]
[EventDate "2024.01.20"]
[EventRounds "10"]
[EventCountry "BRA"]

1. d4 Nf6 2. Bf4 g6 3. Nc3 d5 4. Qd2 Bg7 5. Nf3 c6 6. h4 ({RR} 6. Ne5 Nbd7 7.
h4 Nh5 8. Bh2 Nxe5 9. dxe5 f6 10. exf6 Nxf6 11. f3 O-O 12. O-O-O b5 13. e4 Qa5
14. a3 d4 15. Qxd4 Ng4 16. Qc5 Nxh2 17. Rxh2 Qc7 18. Rh1 Be6 19. Kb1 Be5 20. h5
g5 {Chatalbashev,B (2605)-Avrukh,B (2632) Benidorm 2008 1/2-1/2}) 6... Bf5 ({RR
} 6... Ne4 7. Nxe4 dxe4 8. Ne5 h5 9. e3 Be6 10. Be2 Nd7 11. O-O-O Nxe5 12. dxe5
Qb6 13. Kb1 O-O 14. Qc3 Rfd8 15. g4 Rxd1+ 16. Bxd1 Qa6 17. b3 Bxg4 18. Bxg4
hxg4 19. h5 gxh5 20. Rxh5 Qf1+ 21. Kb2 {Prohorov,O (2086)-Todorovic,B (2222)
chess.com INT 2022 1-0 (42)}) 7. Ne5 $146 ({RR} 7. O-O-O Nbd7 8. e3 Ng4 9. h5
e5 10. dxe5 Bxe5 11. Nxe5 Ngxe5 12. hxg6 fxg6 13. Ne2 Qf6 14. Nd4 Nb6 15. Nxf5
gxf5 16. Qd4 Ned7 17. Bd3 Qxd4 18. exd4 O-O 19. Rde1 Rf7 20. Rh5 Raf8 21. Bh6
Rd8 {Schein,K (2249)-Foerster,M (1898) Neumarkt am Wallersee 2010 1-0 (51)})
7... Nbd7 8. f3 h5 9. g3 Rc8 10. Bg2 b5 11. Nd1 Nb6 12. Nf2 Nfd7 13. b3 c5 14.
e4 Be6 15. c3 b4 16. cxb4 cxd4 17. Qxd4 dxe4 18. Qxe4 Bf5 19. Qe3 Nd5 20. Qd4
Nxf4 21. gxf4 Qc7 22. Nfd3 Bxd3 23. Qxd3 Nxe5 24. fxe5 Qxe5+ 25. Kf2 Qb2+ 26.
Qe2 Rc2 0-1

[Event "Floripa Chess Open 2024"]
[Site "Florianopolis"]
[Date "2024.01.22"]
[Round "3.46"]
[White "Vieira, Jose Renato Braga S"]
[Black "Bauza, Alejandro"]
[Result "0-1"]
[WhiteElo "1839"]
[BlackElo "2205"]
[PlyCount "56"]
[EventDate "2024.01.20"]
[EventRounds "10"]
[EventCountry "BRA"]

1. e4 {Blatny,P} c6 2. d4 d5 3. f3 g6 4. Nc3 Bg7 5. Be3 Qb6 6. Qd2 Qxb2 7. Rb1
Qa3 8. exd5 Nf6 ({RR} 8... cxd5 9. Nb5 Qxa2 10. Rb3) 9. Bc4 ({RR} 9. dxc6 bxc6
({RR} 9... Nxc6 10. d5 Ne5 11. Bd4 Qd6 ({RR} 11... Ned7 12. Nb5 Qxa2 13. Ra1)
12. Nb5 Qb8 13. Qa5 b6 14. Bxb6 axb6 15. Qxa8 Qxa8 16. Nc7+ Kd8 17. Nxa8 Nxd5
18. Rd1) 10. Bd3 ({RR} 10. Bc4 O-O 11. Nge2 Nbd7 12. Bb3 Ba6 13. O-O e5 ({RR} 
13... c5 {RR} 14. Rfe1 Rac8 15. d5 Nb6 16. Ba4 Bc4 17. Bb3 ({RR} 17. Bc6 e6)
17... Bxe2 18. Qxe2 c4 19. Nb5 Qa6 20. Nxa7 Rc7 21. Ba4 Nxa4) 14. Rfd1 Rfe8 15.
d5 cxd5 16. Nxd5) ({RR} 10. Nge2 Qa5 11. Nc1 Nbd7 12. Nb3 Qd8 13. Bh6 O-O 14.
Bxg7 Kxg7 15. Be2 Qc7 16. O-O Nb6 17. Ne4) 10... Nbd7 11. Nge2 O-O 12. O-O Ba6
13. Rb3 Qa5 14. Bxa6 ({RR} 14. Nd5 Qxd2 15. Nxe7+ ({RR} 15. Bxd2 Bxd3 16. Nxf6+
Bxf6 17. Rxd3 c5) 15... Kh8 16. Bxd2 Bxd3 17. Rxd3 Rfe8 18. Re3 ({RR} 18. Bb4
Bf8 ({RR} 18... c5 19. dxc5 Rxe7 20. c6 Rxe2 21. cxd7 Rd8 22. Rfd1 Re5 23. Bd6)
19. Re3 c5) 18... Bh6 19. f4 ({RR} 19. Nxg6+ hxg6 20. Rxe8+ Rxe8 21. Bxh6 Rxe2)
19... Ng4 20. Re4 Ndf6) 14... Qxa6 15. Re1 Rfe8 16. Qc1 Nb6 17. Bf2 Nfd5 18.
Ne4 ({RR} 18. Nxd5 cxd5) 18... Nc4 19. Qb1 e5 ({RR} 19... f5 20. Nc5 Qa5 ({RR} 
20... Qc8 21. Rd1) 21. Rd1 Nd2 22. Be1 Bh6 ({RR} 22... Nxb1 23. Bxa5) 23. Bxd2
Bxd2 24. Nb7) 20. dxe5 Bxe5 21. c3 Ncb6 22. Nd4 Qc8 ({RR} 22... Rac8 23. Nc5)
23. Qc2 Qc7 {Adams,M (2685)-Leko,P (2630) Tilburg 1996 CBM 056 [Blatny,P] 1/
2-1/2 (49)}) 9... O-O ({RR} 9... Nbd7 10. dxc6 bxc6 11. Nge2 Nb6 12. Bd3 O-O
13. O-O Be6 14. Bh6 Rfd8 15. Bxg7 Kxg7 16. Qg5 Nbd5 17. Rb3 Qd6 18. Ne4 Nxe4
19. fxe4 f6 20. Qc1 Nb4 21. c4 Nxd3 22. Rxd3 Bg4 23. Ng3 e5 24. d5 {Myrmus,M  
(2071)-Rozanski,M (1925) Ustron POL 2023 1/2-1/2 (33)}) 10. Nge2 Qa5 11. O-O
Nbd7 $146 ({RR} 11... cxd5 12. Nxd5 Qd8 13. Nxf6+ Bxf6 14. c3 Nc6 15. Bh6 Bg7
16. Bxg7 Kxg7 17. Ng3 Na5 18. Bb3 e6 19. c4 b6 20. d5 exd5 21. cxd5 Ba6 22.
Rfd1 Qf6 23. Ne4 Qe5 24. d6 Bb7 25. Bd5 Bxd5 26. Qxd5 {Permuy Lorenzo,C (2300)
-De Oliveira,L ICC INT 2009 0-1 (75)}) 12. dxc6 bxc6 13. Nd5 Qd8 14. Nb4 Nb6
15. Bd3 Nfd5 16. Bh6 Bxh6 17. Qxh6 Nxb4 18. Rxb4 Qd6 19. c3 Nd5 20. Ng3 Qf4 21.
Qxf4 Nxf4 22. Be4 Ba6 23. c4 f5 24. Bxc6 Rac8 25. d5 Rc7 26. Ra4 Bc8 27. Rd1
Rd8 28. Kf2 Rxc6 0-1

[Event "Floripa Chess Open 2024"]
[Site "Florianopolis"]
[Date "2024.01.22"]
[Round "3.47"]
[White "Terao, Juliana Sayumi"]
[Black "Medeiros, Thauane Ferreira"]
[Result "1-0"]
[WhiteElo "2198"]
[BlackElo "1842"]
[PlyCount "95"]
[EventDate "2024.01.20"]
[EventRounds "10"]
[EventCountry "BRA"]

1. e4 e5 2. Nf3 Nc6 3. Bb5 Nf6 4. d3 Bc5 5. c3 d6 6. d4 exd4 7. cxd4 Bb4+ 8.
Bd2 Bxd2+ 9. Nbxd2 O-O 10. O-O Ne7 11. Re1 c6 12. Bf1 d5 13. e5 Ne8 14. Rc1
$146 ({RR} 14. Qc2 Bf5 15. Bd3 Bxd3 16. Qxd3 Nc7 17. Ng5 Ng6 18. h4 Ne6 19.
Ndf3 Qe7 20. g3 h6 21. Nh3 f5 22. exf6 Qxf6 23. Re3 c5 24. Rae1 c4 25. Qc3 Rae8
26. h5 Qf5 27. Kg2 Nh8 28. Re5 Qg4 {Garcia,G (2435)-Vittorino,C (2228) Cali
2007 1-0}) 14... Bf5 15. b4 a6 16. Nb3 f6 17. Qd2 Be4 18. Nh4 fxe5 19. dxe5 Nf5
20. Nxf5 Bxf5 21. a4 Nc7 22. Nd4 Qe7 23. b5 c5 24. Nxf5 Rxf5 25. b6 Ne6 26.
Qxd5 Rd8 27. Qe4 Rf4 28. Qe3 Rdf8 29. Bc4 Kh8 30. Bxe6 Qxe6 31. Qxc5 Rxf2 32.
Qxf2 Rxf2 33. Kxf2 Qxb6+ 34. Kf1 Qe6 35. Rb1 b5 36. axb5 axb5 37. Kg1 h5 38.
Rxb5 h4 39. h3 Kh7 40. Rb4 g5 41. Kh1 Kg6 42. Rd4 Kf7 43. Rd6 Qe7 44. e6+ Kf6
45. Rd7 Qb4 46. Rf7+ Kg6 47. Ref1 g4 48. R7f4 1-0

[Event "Floripa Chess Open 2024"]
[Site "Florianopolis"]
[Date "2024.01.22"]
[Round "3.48"]
[White "Sega, Carlos Alberto"]
[Black "Moyses Sobrinho, Elias"]
[Result "1-0"]
[WhiteElo "2193"]
[BlackElo "1844"]
[PlyCount "98"]
[EventDate "2024.01.20"]
[EventRounds "10"]
[EventCountry "BRA"]

1. c4 Nf6 2. g3 d5 3. Bg2 c6 4. Nf3 g6 5. b3 Bg7 6. Bb2 O-O 7. O-O e6 8. e3 ({
RR} 8. Qc2 b6 9. d4 Bb7 10. Nc3 Na6 11. e4 Rc8 12. e5 Nd7 13. cxd5 exd5 14. Ba3
c5 15. Nb5 cxd4 16. Qd2 Nac5 17. Nd6 Ne4 18. Qf4 Nxd6 19. Bxd6 Re8 20. Bh3 h6
21. Rfe1 Nc5 22. Bxc8 Qxc8 {Grigoryan,K (2557)-Barski,R (2467) Roquetas de Mar
ESP 2019 1-0 (40)}) ({RR} 8. Qc2 b6 9. Nc3 Bb7 10. d4 Nbd7 11. Rad1 Ba6 12.
Rfe1 Rc8 13. e4 dxc4 14. bxc4 Bxc4 15. Nd2 Ba6 16. Qa4 Nb8 17. e5 Nd5 18. Nce4
Qd7 19. Qb3 Rfd8 20. h4 Rc7 21. Rc1 Bh6 22. f4 Bf8 {Migot,T (2351)-Peter Anand,
A (1949) Grado ITA 2023 1-0 (68)}) 8... Nbd7 9. Qc2 b6 $146 ({RR} 9... Qc7 10.
d4 Re8 11. Nbd2 Qd8 12. c5 Qc7 13. Rfc1 Ng4 14. h3 Nh6 15. b4 e5 16. a4 exd4
17. Bxd4 Ne5 18. Bxe5 Bxe5 19. Nxe5 Qxe5 20. Nf3 Qe7 21. b5 Bf5 22. Qd2 Qf8 23.
Nd4 Bd7 24. Rab1 {Gerritse,X-Adriaans,M Leiden 1997 1/2-1/2 (36)}) ({RR} 9...
Re8 10. Nc3 Qc7 11. Rac1 Nb6 12. d3 e5 13. cxd5 Nfxd5 14. Ne4 Nb4 15. Qb1 Bf5
16. Nh4 Bxe4 17. Bxe4 Rad8 18. Rfd1 f5 19. Bg2 f4 20. e4 fxg3 21. hxg3 Re6 22.
a3 Na6 23. Nf3 Nd7 24. b4 {Silva,A (2220)-Teles,P (1637) Porto 2014 1-0}) 10.
Rd1 Bb7 11. Nc3 Rc8 12. d4 Qc7 13. e4 Nxe4 14. Nxe4 dxe4 15. Qxe4 c5 16. Qe2
Bxf3 17. Bxf3 Bxd4 18. Bxd4 cxd4 19. Rxd4 Ne5 20. Rad1 Nxf3+ 21. Qxf3 Rfd8 22.
Qf6 Rxd4 23. Qxd4 Qc5 24. Qf6 Qc7 25. h4 h5 26. a4 a5 27. Rd3 Qc6 28. Qd4 Qc7
29. Qd6 Qxd6 30. Rxd6 Rb8 31. Rd7 Kg7 32. Kf1 Kf6 33. Ke2 Rc8 34. Kd3 Rc6 35.
Kc3 e5 36. b4 Ke6 37. Rd5 axb4+ 38. Kxb4 Kf5 39. Kb5 Re6 40. c5 bxc5 41. Rxc5
Kg4 42. a5 Rf6 43. a6 Rxf2 44. a7 Ra2 45. Rc4+ Kxg3 46. Ra4 Rxa4 47. Kxa4 Kxh4
48. a8=Q f5 49. Qg2 g5 1-0

[Event "Floripa Chess Open 2024"]
[Site "Florianopolis"]
[Date "2024.01.22"]
[Round "3.49"]
[White "Caetano, Ryan Wesley Da Cost"]
[Black "Fraga, Heitor Carneiro"]
[Result "1-0"]
[WhiteElo "2184"]
[BlackElo "1839"]
[PlyCount "57"]
[EventDate "2024.01.20"]
[EventRounds "10"]
[EventCountry "BRA"]

1. d4 Nf6 2. c4 e6 3. Nf3 d5 4. Nc3 Bb4 5. cxd5 exd5 6. Bg5 h6 7. Bh4 g5 8. Bg3
Ne4 9. Nd2 Nxg3 10. hxg3 c6 11. Qc2 Be6 ({RR} 11... Nd7 12. a3 Bf8 13. e4 dxe4
14. O-O-O Bg7 15. Ndxe4 Nb6 16. f4 gxf4 17. gxf4 Bf5 18. g4 Bxe4 19. Re1 Kf8
20. Rxe4 Bxd4 21. Ne2 Bg7 22. Ng3 Qd5 23. Kb1 Rd8 24. Be2 Qd7 25. Nf5 Re8 26.
Qc5+ {Ding Liren (2811)-Nihal,S (2670) chess.com INT 2022 0-1 (40)}) 12. O-O-O
Nd7 13. e4 Qf6 $146 ({RR} 13... dxe4 14. Ndxe4 Qa5 15. a3 Be7 16. Nd2 Qf5 17.
Nde4 Nb6 18. Nc5 Qxc2+ 19. Kxc2 Bxc5 20. dxc5 Nd7 21. b4 a5 22. Be2 Kf8 23. Bc4
axb4 24. Bxe6 Nxc5 25. axb4 Nxe6 26. Rd7 Kg7 27. Rxb7 Nd4+ 28. Kb2 {Liyanage,R
(2359)-Pranesh,M (2503) Abu Dhabi UAE 2023 1/2-1/2 (41)}) 14. f3 Bxc3 15. Qxc3
c5 16. exd5 cxd4 17. Qb4 Bxd5 18. Re1+ Kd8 19. Kb1 Nb6 20. Bd3 Rc8 21. a4 Rc6
22. a5 Nd7 23. Ne4 Bxe4 24. Bxe4 Ra6 25. Bxb7 Qf5+ 26. Re4 Rxa5 27. Rc1 Rc5 28.
Qa5+ Rxa5 29. Rc8# 1-0

[Event "Floripa Chess Open 2024"]
[Site "Florianopolis"]
[Date "2024.01.22"]
[Round "3.50"]
[White "Federzoni, Enzo"]
[Black "Trombini, Fabio"]
[Result "1-0"]
[WhiteElo "2170"]
[BlackElo "1822"]
[PlyCount "86"]
[EventDate "2024.01.20"]
[EventRounds "10"]
[EventCountry "BRA"]

1. d4 {Tisdall,J} d5 2. c4 e6 3. Nf3 Nf6 4. g3 Bb4+ 5. Bd2 Be7 6. Bg2 c6 7. Qc2
O-O 8. O-O b6 9. Rd1 Bb7 10. b3 Ne4 ({RR} 10... Nbd7 11. Nc3 Ba6 12. e4 dxc4
13. e5 Nd5 14. Ne4 c3 15. Bg5 h6 16. Bxe7 Qxe7 17. Nxc3 Nxc3 18. Qxc3 Rac8 19.
Nd2 c5 20. Ne4 cxd4 21. Qxd4 Rfd8 22. Nd6 Rc5 23. f4 f6 24. exf6 Qxf6 25. Qa4 {
Nepomniachtchi,I (2792)-Shankland,S (2720) Saint Louis USA 2022 0-1 (64)}) ({RR
} 10... Nbd7 11. Nc3 Rc8 12. e4 dxe4 13. Ng5 c5 14. d5 exd5 15. cxd5 Nxd5 16.
Ngxe4 Qc7 17. Nxd5 Bxd5 18. Bc3 Be6 19. h4 Rfd8 20. Re1 Nf8 21. Qb2 f6 22. h5
h6 23. Nd2 Bf7 24. Bf3 Rd6 25. Nc4 {Moore,N-Peatman,C (1998) chess.com INT
2023 1-0 (38)}) 11. Nc3 Nxc3 $146 ({RR} 11... f5 12. Bf4 Nd7 13. Ne5 Bf6 14.
Nxd7 Qxd7 15. Be5 Bxe5 16. dxe5 Nxc3 17. Qxc3 f4 18. e4 f3 19. Bf1 ({RR} 19.
Bxf3 Qf7) 19... Qe7 20. Rac1 Rad8 21. exd5 cxd5 22. c5 Rc8 23. b4 bxc5 24. bxc5
Rc7 25. Bh3 ({RR} 25. Bb5 Rfc8) ({RR} 25. Qe3) 25... Ba6 26. Qe3 {Filippov,V  
(2565)-Lugovoi,A (2500) Elista 1996 CBM 056 [Tisdall,J] 1/2-1/2 (63)}) 12. Bxc3
Nd7 13. e4 Nf6 14. e5 Ne4 15. Bb2 Rc8 16. Ne1 h6 17. Bxe4 dxe4 18. Qxe4 Qd7 19.
Ng2 f5 20. exf6 Bxf6 21. c5 Rcd8 22. Ne3 Qf7 23. Qc2 Qh5 24. Rac1 Qf3 25. Rd2
Bg5 26. Re1 Rf7 27. h4 Bxe3 28. Rxe3 Qf5 29. Qc4 bxc5 30. Rxe6 Ba6 31. Qxa6
Qxe6 32. Re2 Qd5 33. Rd2 Re8 34. Qf1 Rfe7 35. Rd1 Re2 36. dxc5 Rd2 37. Rxd2
Qxd2 38. Qc4+ Kh8 39. Bd4 Qe2 40. Qf7 Rg8 41. Qf4 Qe6 42. Kh2 Re8 43. Be3 Kg8
1-0

[Event "Floripa Chess Open 2024"]
[Site "Florianopolis"]
[Date "2024.01.22"]
[Round "3.51"]
[White "De Oliveira, Gustavo Alfredo Bue"]
[Black "Ribeiro, Regina"]
[Result "1-0"]
[WhiteElo "2147"]
[BlackElo "1822"]
[PlyCount "55"]
[EventDate "2024.01.20"]
[EventRounds "10"]
[EventCountry "BRA"]

1. Nf3 Nf6 2. d4 g6 3. Bf4 Bg7 4. e3 O-O 5. h3 c5 6. c3 b6 7. Be2 Ba6 8. Bxa6
Nxa6 9. O-O d6 10. Qe2 Nc7 11. e4 Ne6 $146 ({RR} 11... cxd4 12. cxd4 d5 13. e5
Ne4 14. Nbd2 Ne6 15. Be3 Rc8 16. Qd3 Nxd2 17. Qxd2 Qd7 18. Bh6 Bxh6 19. Qxh6
Rc2 20. b3 Rfc8 21. a4 Rb2 22. Rab1 Rcc2 23. Rxb2 Rxb2 24. Qe3 Rc2 25. Rc1 Qc6
26. Rxc2 {Eljanov,P (2695)-Martin Fuentes,A (2376) chess.com INT 2023 0-1 (49)}
) 12. Bh2 d5 13. e5 Ne4 14. Nbd2 Nxd2 15. Qxd2 c4 16. Ne1 Nc7 17. Nc2 b5 18. f4
e6 19. Ne3 h5 20. g4 hxg4 21. hxg4 f5 22. exf6 Bxf6 23. Qc2 Kf7 24. g5 Bg7 25.
Rae1 Rh8 26. Ng4 Ne8 27. Rf2 Qb8 28. Rxe6 1-0

[Event "Floripa Chess Open 2024"]
[Site "Florianopolis"]
[Date "2024.01.22"]
[Round "3.53"]
[White "Kaneda, Eric Kazuichi"]
[Black "De Carvalho, Vitor Augusto Ponci"]
[Result "0-1"]
[WhiteElo "1803"]
[BlackElo "2124"]
[PlyCount "104"]
[EventDate "2024.01.20"]
[EventRounds "10"]
[EventCountry "BRA"]

1. d4 c5 2. e3 Nf6 3. c4 g6 4. Nc3 Bg7 5. Nf3 O-O 6. Bd3 cxd4 7. exd4 d5 8.
cxd5 Nxd5 9. O-O Nc6 10. Re1 $146 ({RR} 10. Be4 Nf6 11. Bxc6 bxc6 12. Qa4 Bd7
13. Qa3 Be6 14. Re1 Qd6 15. Qxd6 exd6 16. Bf4 Rad8 17. Rac1 Rd7 18. Ng5 Nd5 19.
Nxe6 fxe6 20. Bg3 Bxd4 21. Nxd5 cxd5 22. Rxe6 Bxb2 23. Rd1 d4 24. Rxd6 Rxd6 {
Williamson,R (2177)-Kett,T (2072) Newcastle-under-Lyme ENG 2023 0-1 (40)}) ({RR
} 10. Be3 Bg4 11. h3 Bxf3 12. Qxf3 Ndb4 13. Be4 Nxd4 14. Bxd4 Qxd4 15. Bxb7
Rab8 16. Rad1 Qb6 17. Be4 e6 18. a3 Nd5 19. Nxd5 exd5 20. Bxd5 Qxb2 21. Rfe1
Qf6 22. Qg4 Rb2 23. Qg3 Qc3 24. Re3 Qc2 {Maltsevskaya,A (2356)-Stanojoski,Z  
(2413) chess.com INT 2022 1-0}) ({RR} 10. Bc4 Nb6 11. Bb3 Bg4 12. Be3 Bxd4 13.
Bxd4 Bxf3 14. Qxf3 Qxd4 15. Rad1 Qb4 16. Rfe1 e6 17. Ne4 Rad8 18. Nf6+ Kg7 19.
Ng4 f5 20. Ne3 e5 21. a3 Qe7 22. Nd5 Nxd5 23. Bxd5 e4 24. Qc3+ Qf6 {Fu,Y (1938)
-Kazakouski,V (2593) chess.com INT 2024 0-1 (50)}) ({RR} 10. Nxd5 Qxd5 11. Be3
Bg4 12. Be2 Bxf3 13. Bxf3 Qd6 14. Rc1 Rac8 15. Qb3 Nb4 16. Rxc8 Rxc8 17. a3 Nc6
18. Bxc6 Qxc6 19. Rc1 Qd7 20. Rxc8+ Qxc8 21. Qc3 Qxc3 22. bxc3 {1/2-1/2 (22)
Dobrovsky,K (1770)-Vatolin,A (1773) Zhukovsky 2014}) 10... Ndb4 11. d5 Nxd5 12.
Nxd5 Qxd5 13. Bg5 Rd8 14. Be4 Qxd1 15. Raxd1 Rxd1 16. Rxd1 Be6 17. b3 f6 18.
Be3 a5 19. Nd4 Nxd4 20. Bxd4 Rd8 21. Bf3 a4 22. bxa4 Kf7 23. Bb6 Rxd1+ 24. Bxd1
Bd5 25. a3 e5 26. Bc5 Bf8 27. Bb4 f5 28. a5 Bc4 29. Ba4 e4 30. Bd7 f4 31. Bc8
Ba6 32. Bd2 Bd6 33. a4 Kf6 34. g3 g5 35. h4 h6 36. Kg2 Ke5 37. hxg5 hxg5 38.
Bc3+ Kd5 39. Bf6 f3+ 40. Kg1 e3 41. Bxg5 exf2+ 42. Kxf2 Ke4 43. Bh3 Bc5+ 44.
Ke1 f2+ 45. Kd2 Bb4+ 46. Kd1 Kf3 47. Bf4 Bxa5 48. Bd6 f1=Q+ 49. Bxf1 Bxf1 50.
Kc2 Be1 51. Kb3 Bxg3 52. Bc5 Bc7 0-1

[Event "Floripa Chess Open 2024"]
[Site "Florianopolis"]
[Date "2024.01.22"]
[Round "3.54"]
[White "Becker, Rogerio Sperb"]
[Black "Rodrigues, Julliano De Araujo"]
[Result "1/2-1/2"]
[WhiteElo "2114"]
[BlackElo "1779"]
[PlyCount "29"]
[EventDate "2024.01.20"]
[EventRounds "10"]
[EventCountry "BRA"]

1. c4 c6 2. d4 d5 3. e3 Nf6 4. Nf3 a6 5. Nbd2 Bf5 6. Be2 e6 ({RR} 6... h6 7.
cxd5 cxd5 8. Nb3 e6 9. O-O Nc6 10. Bd2 Bd6 11. Rc1 Ne4 12. Be1 Qe7 13. Na5 Nxa5
14. Bxa5 O-O 15. Nd2 Rfc8 16. Nxe4 Bxe4 17. Qd2 Qh4 18. g3 Qh3 19. f3 Bxg3 20.
hxg3 Qxg3+ 21. Kh1 {Karpov,A (2679)-Ivanchuk,V (2717) Monte Carlo 2001 1/2-1/2}
) 7. Nh4 ({RR} 7. O-O Nbd7 8. b3 Be7 9. Bb2 O-O 10. Rc1 b5 11. cxd5 cxd5 12.
Ne5 Nxe5 13. dxe5 Nd7 14. Nf3 Qa5 15. Nd4 Qxa2 16. Nxf5 exf5 17. Qd4 Nc5 18.
Ra1 Qxb3 19. Ra3 Qc2 20. Rc1 Qxe2 {0-1 (20) Saha,A (1992)-Dilmukhametov,A  
(2276) chess.com INT 2024}) 7... Be7 $146 ({RR} 7... Be4 8. Nxe4 dxe4 9. f4 c5
10. dxc5 Qxd1+ 11. Bxd1 Nfd7 12. Bd2 Nxc5 13. Ke2 Be7 14. g3 a5 15. Bc3 O-O 16.
b3 Nc6 17. a3 f5 18. Bc2 Na6 19. Rhd1 Rfd8 20. Rxd8+ Rxd8 21. Bb2 Kf7 22. Ng2 {
Martinez Martin,D (2415)-Mirzoev,A (2543) Alcala de Henares 2006 1/2-1/2 (59)})
({RR} 7... Be4 8. f3 Bg6 9. O-O c5 10. Qb3 Nc6 11. cxd5 exd5 12. dxc5 Bxc5 13.
Rd1 Qe7 14. Nf1 Rd8 15. Bd2 O-O 16. Nxg6 hxg6 17. Rac1 d4 18. Kh1 dxe3 19. Bxe3
Bxe3 20. Nxe3 Nd4 21. Qd3 Rfe8 22. Rc3 {Berry,J (2241)-Perez Garcia,R (2420)
Montreal 2007 0-1}) 8. Nxf5 exf5 9. O-O O-O 10. b3 Nbd7 11. Bb2 Rc8 12. Bd3 g6
13. Nf3 Re8 14. Rc1 Ne4 15. Qe2 1/2-1/2

[Event "Floripa Chess Open 2024"]
[Site "Florianopolis"]
[Date "2024.01.22"]
[Round "3.56"]
[White "Almeida Junior, Alvaro Alves De"]
[Black "Boabaid, Jorge Alberto Duard"]
[Result "1-0"]
[WhiteElo "2099"]
[BlackElo "1771"]
[PlyCount "105"]
[EventDate "2024.01.20"]
[EventRounds "10"]
[EventCountry "BRA"]

1. e4 c5 2. Nf3 d6 3. d4 cxd4 4. Nxd4 Nf6 5. Nc3 a6 6. h3 Nc6 7. g4 e6 8. Bg2
Qc7 9. O-O ({RR} 9. Be3 Be7 10. f4 Nd7 11. g5 b5 12. O-O Bb7 13. Kh1 O-O 14.
Nce2 Rfe8 15. a4 bxa4 16. Rxa4 Nc5 17. Ra1 Nxd4 18. Qxd4 a5 19. Ng3 Bf8 20. Qc3
Rec8 21. Bd4 Nd7 22. Qe3 g6 23. Rf2 e5 {Movsesian,S (2659)-Palac,M (2610) Pula
1999 1/2-1/2}) ({RR} 9. a4 Be7 10. Be3 Na5 11. Nde2 Nc4 12. Bc1 O-O 13. b3 Ne5
14. f4 Nc6 15. O-O d5 16. e5 Nd7 17. Be3 Rd8 18. Rf3 f6 19. exf6 Nxf6 20. Nd4
Ne4 21. Nxe4 dxe4 22. Rf2 Nxd4 23. Bxd4 e3 {Rybackova,L (1789)-Skuhala,B (2153)
Mali Losinj CRO 2023 0-1 (35)}) 9... Be7 10. Be3 Ne5 11. f4 $146 ({RR} 11. g5
Nfd7 12. f4 Nc4 13. Bc1 b5 14. b3 Ncb6 15. Bb2 Bb7 16. Kh1 Nc5 17. a3 O-O-O 18.
Qe2 h6 19. Ndxb5 axb5 20. Nxb5 Qd7 21. Bxg7 hxg5 22. Bxh8 Rxh8 23. Kg1 gxf4 24.
Rxf4 f5 25. a4 Bxe4 {Prior,S (1990)-Sowray,P (2341) High Wycombe 2013 0-1 (37)}
) ({RR} 11. a4 Nc4 12. Bc1 Nd7 13. b3 Na5 14. Bb2 Bf6 15. Kh1 Nc6 16. Nde2 h5
17. gxh5 Rxh5 18. Ba3 Be7 19. Qd2 Nf6 20. Rad1 e5 21. Nd5 Nxd5 22. exd5 Nd4 23.
Nxd4 exd4 24. Rde1 Bxh3 25. Bxh3 Rxh3+ {Smith,B (2302)-Stolerman,J (2063)
Framingham 2001 1-0 (40)}) 11... Nc4 12. Qc1 Nxe3 13. Qxe3 O-O 14. g5 Ne8 15.
Kh1 b5 16. f5 b4 17. Nd1 Qc5 18. c3 e5 19. Nf3 Qxe3 20. Nxe3 bxc3 21. Nd5 Bd8
22. Nxc3 Rb8 23. b3 Bd7 24. Rfd1 f6 25. gxf6 Rxf6 26. Nd5 Rh6 27. Rac1 Nf6 28.
Nxf6+ Rxf6 29. Ng5 Bc8 30. Bf1 Rh6 31. Bc4+ Kf8 32. Nf7 Bb7 33. Nxh6 Bxe4+ 34.
Kh2 gxh6 35. Rxd6 Bg5 36. Re1 Bxf5 37. Kg2 Ke7 38. Rxa6 Bf4 39. Kf3 Bxh3 40.
Ra7+ Kd6 41. a3 Rf8 42. Rd1+ Kc6 43. Rf7 h5 44. Rxf8 Bg4+ 45. Ke4 Bxd1 46. b4
Bc2+ 47. Bd3 Bb3 48. Rf6+ Kd7 49. b5 h4 50. Bf1 Bc2+ 51. Kf3 Bc1 52. Bh3+ Ke7
53. Re6+ 1-0

[Event "Floripa Chess Open 2024"]
[Site "Florianopolis"]
[Date "2024.01.22"]
[Round "3.57"]
[White "Silva Rosas, Natalia"]
[Black "Curi, Gabriel"]
[Result "0-1"]
[WhiteElo "1754"]
[BlackElo "2069"]
[PlyCount "40"]
[EventDate "2024.01.20"]
[EventRounds "10"]
[EventCountry "BRA"]

1. e4 e6 2. d3 d5 3. Nd2 Nf6 4. Ngf3 Nc6 5. g3 dxe4 6. dxe4 Bc5 7. h3 ({RR} 7.
Bb5 O-O 8. O-O e5 9. Nb3 Bd6 10. Bxc6 bxc6 11. Re1 Bg4 12. Qd3 h6 13. Nh4 Qc8
14. f3 Be6 15. Be3 Rd8 16. Qc3 a5 17. Nxa5 c5 18. Bxc5 Bxc5+ 19. Qxc5 Rd2 20.
Nc6 Qb7 21. b3 Ra6 {Yoo,C (2591)-Preotu,R (2483) chess.com INT 2023 0-1}) ({RR
} 7. Bb5 O-O 8. O-O e5 9. Nb3 Qxd1 10. Rxd1 Bb6 11. Nbd2 Bh3 12. Ng5 Bg4 13.
Re1 Nd4 14. Bd3 h6 15. h3 hxg5 16. hxg4 Nxg4 17. Kg2 Rad8 18. Nc4 Nxf2 19. Bxg5
f6 20. Nxb6 Nxd3 21. cxd3 axb6 {Santos Ruiz,M (2587)-Gracia Alvarez,G (2238)
chess.com INT 2023 0-1}) 7... O-O 8. e5 $146 ({RR} 8. Bg2 Re8 9. O-O e5 10. Kh2
Nd4 11. c3 Nxf3+ 12. Qxf3 Be6 13. Nb3 Bxb3 14. axb3 Qd6 15. b4 Bb6 16. Rd1 Qe6
17. Be3 Bxe3 18. Qxe3 Qb6 19. Qe2 Rad8 20. Rd2 c6 21. Rad1 Rxd2 22. Qxd2 h6 {
Grishchenko,V (2022)-Chupakhin,A (1743) Voronezh 2012 1-0 (49)}) 8... Ne8 9.
Qe2 f6 10. Nb3 Bb6 11. Be3 $11 fxe5 12. Rd1 Qf6 13. Ng5 Nd6 14. Bg2 Nd4 15. Qd3
N4f5 16. Nxh7 Kxh7 17. g4 Bxe3 18. fxe3 Qh4+ 19. Kf1 Bd7 20. c4 e4 0-1